Tourism and the hotel and catering industries in the EC
Αποθηκεύτηκε σε:
| Κύριος συγγραφέας: | |
|---|---|
| Μορφή: | Βιβλίο |
| Γλώσσα: | English |
| Δημοσίευση: |
London :
Athlone Press,
1993.
|
| Σειρά: | European community law series ;
6 |
| Θέματα: | |
| Ετικέτες: |
Προσθήκη ετικέτας
Δεν υπάρχουν, Καταχωρήστε ετικέτα πρώτοι!
|
MARC
| LEADER | 00000cam a2200000 i 4500 | ||
|---|---|---|---|
| 001 | 1/58039 | ||
| 008 | 980521s1993 enk| ||| |||| ||eng|| | ||
| 020 | |a 0485700115 | ||
| 035 | |l 10028298 | ||
| 040 | |a GR-MyUa |b gre |e AACR2 | ||
| 041 | 0 | |a eng | |
| 082 | 7 | |a 343.407864794 |2 (22) | |
| 100 | 1 | |a Kraay, Frans van, |d 1944- | |
| 245 | 1 | 0 | |a Tourism and the hotel and catering industries in the EC / |c Frans van Kraay. |
| 260 | |a London : |b Athlone Press, |c 1993. | ||
| 300 | |a xiv, 157 σ. ; |c 23 εκ. | ||
| 490 | 1 | |a (European community law series ; |v 6) | |
| 500 | |a Περιλαμβάνει ευρετήριο. | ||
| 650 | 0 | |a Tourism |x Law and legislation |z European Union countries. | |
| 650 | 0 | |a Hotels |x Law and legislation |z European Union countries. | |
| 650 | 0 | |a Caterers and catering |x Law and legislation |z European Economic Community countries. | |
| 830 | 0 | |a European community law series ; |v 6 | |
| 852 | |a INST |b CHIOS |e 19980521 |h 343.407864794 KRA |p 005200016473 |q 005200016473 |t BK |y 0 | ||
| 901 | |a BIBL-1998-2 | ||
| 922 | |a 2ΕΛΗ |b 199804 |c ΤΔΕ |d ΠΑΠΑΣΩΤΗΡΙΟΥ | ||